ბათუმის შოთა რუსთაველის სახელმწიფო უნივერსიტეტის ბიბლიოთეკა

UNIX and Linux system administration handbook / (ბიბ.ჩანაწერი № 58192)

000 -LEADER
fixed length control field 01450cam a2200361 a 4500
001 - CONTROL NUMBER
control field 16225516
005 - DATE AND TIME OF LATEST TRANSACTION
control field 20210904145429.0
008 - FIXED-LENGTH DATA ELEMENTS--GENERAL INFORMATION
fixed length control field 100510s2011 njua b 001 0 eng
010 ## - LIBRARY OF CONGRESS CONTROL NUMBER
LC control number 2010018773
020 ## - INTERNATIONAL STANDARD BOOK NUMBER
International Standard Book Number 9780131480056 (pbk. : alk. paper)
020 ## - INTERNATIONAL STANDARD BOOK NUMBER
International Standard Book Number 0131480057 (pbk. : alk. paper)
040 ## - CATALOGING SOURCE
Original cataloging agency DLC
Transcribing agency DLC
Modifying agency DLC
050 00 - LIBRARY OF CONGRESS CALL NUMBER
Classification number QA76.76.O63
Item number N45 2011
080 ## - UNIVERSAL DECIMAL CLASSIFICATION NUMBER
Universal Decimal Classification number 004.42 U-55
082 00 - DEWEY DECIMAL CLASSIFICATION NUMBER
Classification number 005.4/32
Edition number 22
245 00 - TITLE STATEMENT
Title UNIX and Linux system administration handbook /
Statement of responsibility, etc. Evi Nemeth ... [et al.].
250 ## - EDITION STATEMENT
Edition statement 4th ed.
260 ## - PUBLICATION, DISTRIBUTION, ETC.
Place of publication, distribution, etc. Upper Saddle River, NJ :
Name of publisher, distributor, etc. Prentice Hall,
Date of publication, distribution, etc. c2011.
300 ## - PHYSICAL DESCRIPTION
Extent xlvii, 1279 p. :
Other physical details ill. ;
Dimensions 23 cm.
500 ## - GENERAL NOTE
General note Rev. ed of: Unix system administration handbook, 3rd ed., 2001.
504 ## - BIBLIOGRAPHY, ETC. NOTE
Bibliography, etc. note Includes bibliographical references and index.
630 00 - SUBJECT ADDED ENTRY--UNIFORM TITLE
Uniform title UNIX (Computer file)
9 (RLIN) 12402
630 00 - SUBJECT ADDED ENTRY--UNIFORM TITLE
Uniform title Linux.
9 (RLIN) 12355
650 #0 - SUBJECT ADDED ENTRY--TOPICAL TERM
Topical term or geographic name entry element Operating systems (Computers)
9 (RLIN) 12403
653 ## - INDEX TERM--UNCONTROLLED
keyword კომპიუტერული პროგრამირება
653 ## - INDEX TERM--UNCONTROLLED
keyword კომპიუტერული პროგრამები
653 ## - INDEX TERM--UNCONTROLLED
keyword საინფორმაციო ტექნოლოგიები
700 1# - ADDED ENTRY--PERSONAL NAME
Personal name Nemeth, Evi.
9 (RLIN) 12404
730 0# - ADDED ENTRY--UNIFORM TITLE
Uniform title Unix system administration handbook.
9 (RLIN) 12405
906 ## - LOCAL DATA ELEMENT F, LDF (RLIN)
a 7
b cbc
c orignew
d 1
e ecip
f 20
g y-gencatlg
942 ## - ADDED ENTRY ELEMENTS (KOHA)
Source of classification or shelving scheme
Koha item type წიგნი
ეგზემპლარები
Withdrawn status Lost status Source of classification or shelving scheme Damaged status Not for loan Permanent Location Current Location Shelving location Date acquired Cost, normal purchase price Full call number Barcode Date last seen Copy number Price effective from Koha item type Public note
          ბათუმის შოთა რუსთაველის სახელმწიფო უნივერსიტეტის მთავარი ბიბლიოთეკა ბათუმის შოთა რუსთაველის სახელმწიფო უნივერსიტეტის მთავარი ბიბლიოთეკა წიგნსაცავი 2021-09-04 118.00 004.42 U-55 55259 2021-09-04 55259 2021-09-04 წიგნი 181.00 GEL.
          ბათუმის შოთა რუსთაველის სახელმწიფო უნივერსიტეტის მთავარი ბიბლიოთეკა ბათუმის შოთა რუსთაველის სახელმწიფო უნივერსიტეტის მთავარი ბიბლიოთეკა წიგნსაცავი 2021-09-04 181.00 004.42 U-55 55260 2021-09-04 55260 2021-09-04 წიგნი 181.00 GEL.